Whose right it is anyway? : equality, culture and conflicts of rights in South Africa (Record no. 408037)

MARC details
000 -LEADER
fixed length control field 00332nam a2200097Ia 4500
082 ## - DEWEY DECIMAL CLASSIFICATION NUMBER
Classification number 323.0968 BENT
008 - FIXED-LENGTH DATA ELEMENTS--GENERAL INFORMATION
fixed length control field 210817s9999 xx 000 0 und d
100 ## - MAIN ENTRY--PERSONAL NAME
Personal name BENTLEY, Kristina A. Cape Town, 2003
9 (RLIN) 43097
245 #0 - TITLE STATEMENT
Title Whose right it is anyway? : equality, culture and conflicts of rights in South Africa
942 ## - ADDED ENTRY ELEMENTS
item type Books

No items available.